Statistics for Types of Jam

Click here to take the quiz!

General Stats

  • This quiz has been taken 33,355 times
  • The average score is 9 of 17

Answer Stats

# ResultsJam% Correct
3,514,000Strawberry
99%
1,765,000Raspberry
90%
2,296,000Orange
87%
711,000Blueberry
81%
1,169,000Blackberry
79%
1,325,000Apple
76%
1,559,000Grape
71%
994,000Peach
65%
1,284,000Apricot
59%
953,000Cherry
52%
679,000Plum
45%
454,000Mango
35%
641,000Fig
22%
413,000Currant
15%
440,000Guava
10%
689,000Onion
10%
406,000Bacon
7%

Score Distribution

Percentile by Number Answered

Percent of People with Each Score

Your Score History

You have not taken this quiz